00421nam a2200169Ia 4500008004100000020001500041041000800056082001600064100002100080245002300101250000700124260006300131300000800194365001200202650001600214650002100230140306s9999 xx 000 0 und d a8120401492 aeng a150bBHA/GE aBhatia, Hans Raj aGeneral psychology a12 aNew DelhibOxford and IBH Publishing Company Pvt Ltdc1994 a323 bRs.`150 aPersonality aSocial behaviour